Online katalóg knižníc regiónu Turca

Diablova nevesta (Record no. 21994)

MARC details
000 -LEADER
fixed length control field 01623cam a2200433 a 4500
001 - CONTROL NUMBER
control field 21994
003 - CONTROL NUMBER IDENTIFIER
control field VRT
005 - DATE AND TIME OF LATEST TRANSACTION
control field 20260317143424.0
008 - FIXED-LENGTH DATA ELEMENTS--GENERAL INFORMATION
fixed length control field 240709s1998 xo gr 000 f slo
015 ## - NATIONAL BIBLIOGRAPHY NUMBER
National bibliography number SNBA1999/07-02385
020 ## - INTERNATIONAL STANDARD BOOK NUMBER
International Standard Book Number 8071186597
Qualifying information (viazané)
035 ## - SYSTEM CONTROL NUMBER
System control number SNK000310226
035 ## - SYSTEM CONTROL NUMBER
System control number urn:nbn:sk:snk-amkj0c
035 ## - SYSTEM CONTROL NUMBER
System control number urn:nbn:sk:snk-am008hm4
035 ## - SYSTEM CONTROL NUMBER
System control number DDB0C95D-1565-4603-BF9B-232C2FFFBBFA
039 #9 - LEVEL OF BIBLIOGRAPHIC CONTROL AND CODING DETAIL [OBSOLETE]
Level of rules in bibliographic description 202408131355
Level of effort used to assign nonsubject heading access points msnk24
Level of effort used to assign subject headings 202408011147
Level of effort used to assign classification AUTHORITY
Level of effort used to assign subject headings 202408011138
Level of effort used to assign classification AUTHORITY
Level of effort used to assign subject headings 202408011137
Level of effort used to assign classification csnk01
040 ## - CATALOGING SOURCE
Original cataloging agency SNK
Language of cataloging slo
Transcribing agency SNK
Description conventions AACR2
041 1# - LANGUAGE CODE
Language code of text/sound track or separate title slo
Language code of original eng
044 ## - COUNTRY OF PUBLISHING/PRODUCING ENTITY CODE
MARC country code xo
ISO country code SK
072 #7 - SUBJECT CATEGORY CODE
Subject category code 821.111-3
Subject category code subdivision Anglická próza, anglicky písaná
Source konspekt
080 ## - UNIVERSAL DECIMAL CLASSIFICATION NUMBER
Universal Decimal Classification number 821.111-31
Edition identifier 2011
080 ## - UNIVERSAL DECIMAL CLASSIFICATION NUMBER
Universal Decimal Classification number (0:82-312.5)
Edition identifier 2011
100 1# - MAIN ENTRY--PERSONAL NAME
Personal name Stratton, Penelope
Relationship aut
240 14 - UNIFORM TITLE
Uniform title The devil's bride
Language of a work Slovensky
245 10 - TITLE STATEMENT
Title Diablova nevesta
Statement of responsibility, etc. Penelope Strattonová ; z anglického originálu The devil's bride ... preložila Jana Melcerová
260 ## - PUBLICATION, DISTRIBUTION, ETC.
Place of publication, distribution, etc. Bratislava
Name of publisher, distributor, etc. Ikar
Date of publication, distribution, etc. 1998
300 ## - PHYSICAL DESCRIPTION
Extent 184 strán
Dimensions 20 cm
655 #7 - INDEX TERM--GENRE/FORM
Genre/form data or focus term anglické romány
Source of term SNKPH
655 #7 - INDEX TERM--GENRE/FORM
Genre/form data or focus term ľúbostné romány
Source of term SNKPH
700 1# - ADDED ENTRY--PERSONAL NAME
Personal name Melcerová, Jana
Relationship trl
942 ## - ADDED ENTRY ELEMENTS (KOHA)
Source of classification or shelving scheme Dewey Decimal Classification
Koha item type Krásna literatúra pre dospelých
Suppress in OPAC No
949 ## - LOCAL PROCESSING INFORMATION (OCLC)
6 2889351736
a savukPV 1407
949 ## - LOCAL PROCESSING INFORMATION (OCLC)
6 270001000013490
a svkbbA 99437
b svkbbm 625984
p 625.984
949 ## - LOCAL PROCESSING INFORMATION (OCLC)
6 273K0096282
a svkpoA 173954
b svkpo433385
949 ## - LOCAL PROCESSING INFORMATION (OCLC)
6 17A0183408
9 P60, <03>, [BOOK], {603}
a snkSC 98009
b snkKSP 2304/99
s 6100:20140925
949 ## - LOCAL PROCESSING INFORMATION (OCLC)
6 17A0183409
9 P60, <05>, [BOOK], {605}
a snkSC 98009 D1
b snkKSP 2305/99
Holdings
Stav vyradenia Strata Poškodenie Spôsob nadobudnutia Domovská knižnica Aktuálna knižnica Dátum nadobudnutia Total checkouts Čiarový kód exemplára Date last seen Typ exemplára
      Dar Obecná knižnica Turčianska Štiavnička Obecná knižnica Turčianska Štiavnička 17.03.2026   4738000481 17.03.2026 Krásna literatúra pre dospelých
Projekt je podporený Slovenskou asociáciou knižníc
Prevádzkuje Turčianska knižnica Martin 2026